Towns of St. Lawrence County, New York Quiz Stats

 Plays Quiz not verified by Sporcle

Score 0/33 Timer 10:00
0 Plays Today
% Correct
Potsdam
92.3%
Canton
92.3%
Massena
89.7%
Ogdensburg
87.2%
Colton
84.6%
Madrid
79.5%
Waddington
76.9%
Edwards
71.8%
Fine
71.8%
Gouverneur
71.8%
Lisbon
69.2%
Brasher
69.2%
Norfolk
69.2%
Clifton
69.2%
Pierrepont
69.2%
Hopkinton
66.7%
Dekalb
66.7%
% Correct
Hermon
66.7%
Parishville
61.5%
Russell
61.5%
Hammond
59%
Morristown
56.4%
Stockholm
53.8%
Louisville
51.3%
Piercefield
51.3%
Clare
51.3%
Oswegatchie
48.7%
Lawrence
48.7%
Fowler
46.2%
Pitcairn
41%
Macomb
41%
Rossie
38.5%
Depeyster
38.5%

You're not logged in!

Compare scores with friends on all Sporcle quizzes.
OR
Log In

Show Comments

Extras

Created Jan 25, 2011ReportNominate
Tags:counties, New York

Top Quizzes Today


Score Distribution

Your Account Isn't Verified!

In order to create a playlist on Sporcle, you need to verify the email address you used during registration. Go to your Sporcle Settings to finish the process.

Report this User

Report this user for behavior that violates our Community Guidelines.

Details: